Loki (2021-2023): Characters by Picture - Statistics

General Stats
  • This quiz has been taken 53 times
  • The average score is 12 of 22
Answer Stats
Picture Answer % Correct
Loki
100%
Sylvie
82%
Miss Minutes
80%
Mobius M. Mobius
80%
Hunter B-15
69%
Ouroboros
67%
Ravonna Renslayer
67%
He Who Remains
62%
Kid Loki
62%
Victor Timely
60%
Alligator Loki
53%
President Loki
51%
Classic Loki
47%
Time-Keepers
47%
Alioth
42%
Casey
36%
Boastful Loki
33%
Throg
31%
Hunter C-20
29%
Hunter X-05
29%
General Dox
22%
Judge Gamble
9%
No matching quizzes found
Score Distribution
Percent of People with Each Score
Percentile by Number Answered
Your Score History
You have not taken this quiz